| 000 | 02158nam0a2200361 4500 | ||
|---|---|---|---|
| 001 | RU\NLR\bibl\1327869 | ||
| 005 | 20260405175108.0 | ||
| 010 |
_a978-5-360-00797-5 _91000 |
||
| 021 |
_aRU _b2008-96936 _95685 |
||
| 035 | _a(nilc)RSL-KNO-004156021 | ||
| 035 | _a(NLR Aleph) 001313134 | ||
| 090 |
_a692214 _c692214 |
||
| 100 | _a20081208d2008 |||y0rusy50 ca | ||
| 101 | 0 |
_arus _aeng |
|
| 102 | _aRU | ||
| 105 | _aa ||||||||| | ||
| 200 | 1 |
_aАнглийский язык для естественно-математического профиля _e10-11 классы _eметодическое пособие _fРос. акад. образования _g[Захарова Н. Е. и др.] |
|
| 210 |
_aМосква _cВентана-Граф _d2008 |
||
| 215 |
_a110 с. _cил. _d22 |
||
| 225 | 1 | _aEnglish 4 profiles | |
| 225 | 1 |
_aБиблиотека элективных курсов _fнауч. рук.: В. А. Поляков [и др.] |
|
| 606 | 1 |
_aАнглийский язык _jМетодические пособия _xПреподавание _xПрофильные школы _92485399 _3RU\NLR\auth\661475086 |
|
| 610 | 0 | _aКультура. Наука. Просвещение -- Народное образование. Педагогические науки -- Общеобразовательная школа. Школьная педагогика -- Российская Федерация -- Методика преподавания отдельных учебных предметов -- Английский язык -- Дидактика -- Общее, политехническое и профессиональное образование -- Дифференцированное обучение. Фуркация | |
| 686 |
_aЧ426.179Ан.2(2)-204,0 _2rubbk |
||
| 686 | _aЧ426.179Ан2(2)я8 | ||
| 702 | 1 |
_4220 _8rus _7ca _aЗахарова _bН. Е. _cпедагог, англ. яз. _gНаталья Егоровна _3RU\NLR\AUTH\7776238 _959166 |
|
| 801 | 0 |
_aRU _bРКП _c20081208 |
|
| 801 | 1 |
_aRU _bРГБ _c20081208 |
|
| 801 | 2 |
_aRU _bNLR _c20090212 _grcr |
|
| 942 | _cBOOK | ||
| 980 | _aNB | ||